Phương pháp Euler cho phương trình và hệ phương trình vi phân bậc nhất.

Phương pháp Euler cho phương trình và hệ phương trình vi phân bậc nhất. Ứng dụng. Tìm hiểu về phần mền Mathematica

Uloženo v:
Podrobná bibliografie
Hlavní autor: Trần, Thị Ngân
Další autoři: Lê, Hải Trung TS (Hướng dẫn)
Médium: Kniha
Jazyk:Vietnamese
Vydáno: Đại học Đà Nẵng Trường đại học Sư Phạm 2011
Edice:Khóa luận tốt nghiệp Đại học. Chuyên ngành: Cử nhân Toán Tin
Témata:
Tagy: Přidat tag
Žádné tagy, Buďte první, kdo otaguje tento záznam!
Thư viện lưu trữ: Mạng thư viện Đại học Đà Nẵng
LEADER 01439nam a2200349 4500
001 000011403
003 7649
005 20120203150238.0
008 120203s2011 viesd
041 |a vie 
072 |a Khóa luận tốt nghiệp 
082 |a 515.35  |b TR-N 
100 |a Trần, Thị Ngân 
245 |a Phương pháp Euler cho phương trình và hệ phương trình vi phân bậc nhất.  |c Trần, Thị Ngân 
260 |a Đại học Đà Nẵng  |b Trường đại học Sư Phạm  |c 2011 
300 |a 45 tr.  |c 29 cm 
490 |a Khóa luận tốt nghiệp Đại học. Chuyên ngành: Cử nhân Toán Tin 
500 |a Tham khảo tr.45 
520 |a Phương pháp Euler cho phương trình và hệ phương trình vi phân bậc nhất. Ứng dụng. Tìm hiểu về phần mền Mathematica 
653 |a Khóa luận tốt nghiệp đại học 
653 |a Khoa Toán 
700 |a Lê, Hải Trung  |c TS  |e Hướng dẫn 
OWN |a LSP 
AVA |a UDN50  |b LSP  |d 515.35 TR-N  |e available  |t Error 5001 Not defined in file expand_doc_bib_avail.  |f 1  |g 0  |h N  |i 0  |k 1 
999 |a From the UDN01 
AVA |a UDN50  |b LSP  |d 515.35 TR-N  |e available  |t Error 5001 Not defined in file expand_doc_bib_avail.  |f 1  |g 0  |h N  |i 0  |k 1 
TYP |a Monograph 
TYP |a Printed language 
980 |a Mạng thư viện Đại học Đà Nẵng